[Event "WCh Women Playoff"]
[Site "Antakya TUR"]
[Date "2010.12.24"]
[Round "4"]
[White "Hou Yifan"]
[Black "Ruan Lufei"]
[Result "1-0"]
[WhiteElo "2591"]
[BlackElo "2480"]
[PlyCount "83"]
[EventDate "2010.12.24"]
[EventType "match (rapid)"]
[EventRounds "4"]
[EventCountry "TUR"]

{C61: Spanische Partie (Bird-Verteidigung)} 1. e4 e5 2. Nf3 Nc6 3. Bb5 Nd4 4.
Nxd4 exd4 5. O-O Bc5 6. Bc4 d6 7. c3 Ne7 $146 (7... c6 8. d3 Nf6 9. Nd2 O-O 10.
cxd4 Bg4 11. Nf3 Bxd4 12. h3 Bxf3 13. Qxf3 d5 14. Bb3 Re8 15. Re1 Nd7 16. Bd2
Ne5 17. Qg3 a5 18. Bc3 Bxc3 19. bxc3 a4 20. Bd1 dxe4 21. Rxe4 Nd7 22. Rxe8+ {
Ehlvest,J (2580)-Ivanchuk,V (2625)/Reggio Emilia 1988/1/2-1/2}) 8. d3 (8. cxd4
Bxd4 9. Qa4+ Nc6 $14) 8... O-O $11 9. Bg5 Kh8 (9... h6 10. Bh4 $11) 10. Nd2 f6
11. Bh4 c6 12. Qe2 (12. Bg3 $5 $11) 12... d5 $15 13. Bb3 dxc3 14. bxc3 d4 (
14... Ng6 15. Qh5 $11) 15. cxd4 (15. Qh5 Bb6 16. cxd4 Bxd4 $11) 15... Bxd4 16.
Rad1 Ng6 17. Bg3 Ne5 (17... a5 18. a4 $11) 18. h3 a5 19. a4 Qe7 20. Kh1 c5 (
20... Rd8 21. Rb1 $14) 21. f4 Nc6 22. Nf3 Be6 23. Bxe6 Qxe6 24. Rb1 Qd7 25.
Rfd1 (25. Rb5 Rfe8 $14) 25... Rfc8 (25... Rfe8 26. Rb5 $14) 26. Rb5 Nb4 (26...
Re8 27. Qd2 $14) 27. Be1 b6 28. Nxd4 (28. Rxb6 Qc7 29. Rb5 Qxf4 30. Nxd4 cxd4
31. Bxb4 axb4 32. Rxb4 Qd6 $16) 28... Qxd4 $14 29. Bf2 (29. Rxb6 $6 c4 30. Bf2
cxd3 $11) 29... Qd6 30. e5 fxe5 31. fxe5 (31. Qxe5 $143 Qd7 32. Rxb6 Nxd3 33.
Rxd3 Qxd3 $17) 31... Qe6 (31... Qg6 $142 $5 $14) 32. d4 $18 c4 $2 (32... Qa2
$142 $5 33. Qxa2 Nxa2 $16) 33. d5 Qf5 (33... Qg6 34. d6 c3 $18) 34. d6 Nd3 (
34... c3 35. e6 Qg6 36. d7 $18) 35. Bxb6 Re8 36. Qg4 Qf7 (36... Qxg4 37. hxg4
Nxe5 $18) 37. d7 Re7 38. e6 Rxe6 39. Qxc4 (39. Rd5 $142 $5 Qg8 40. Qd4 h6 $18)
39... Qxd7 40. Rxd3 (40. Qxd3 $6 Re1+ 41. Rxe1 Qxd3 42. Rxa5 Rf8 $11) 40...
Re1+ (40... Qc6 41. Rxa5 Rb8 42. Qxc6 Rxc6 43. Be3 $18) 41. Kh2 Qe7 (41... Qe6
42. Qc3 Rf1 43. Rg3 $18) 42. Qc7 {Und mit diesem Sieg wurde Hou Yifan
Weltmeisterin} (42. Qc7 Qxc7+ 43. Bxc7 $18) 1-0

[Event "Russ. Meisterschaft Superfinal"]
[Site "Moscow RUS"]
[Date "2010.12.20"]
[Round "9"]
[White "Nepomniachtchi, Ian"]
[Black "Svidler, Peter"]
[Result "1-0"]
[WhiteElo "2720"]
[BlackElo "2722"]
[PlyCount "77"]
[EventDate "2010.12.11"]
[EventType "tourn"]
[EventRounds "11"]
[EventCountry "RUS"]
[EventCategory "19"]

{C45: Schottische Partie} 1. e4 e5 2. Nf3 Nc6 3. d4 exd4 4. Nxd4 Nf6 5. Nxc6
bxc6 6. e5 Qe7 7. Qe2 Nd5 8. c4 Ba6 9. Nd2 g6 10. Nf3 Qb4+ 11. Kd1 Nb6 12. b3
Bg7 13. Qd2 Qe7 14. Bb2 $146 (14. Qa5 Bb7 15. Ba3 d6 16. Kc2 O-O 17. c5 Bxe5
18. Nxe5 Qxe5 19. Qe1 Nd5 20. cxd6 Qf6 21. d7 Rfd8 22. Rd1 Rxd7 23. Bb2 Qd6 24.
Bc4 Re7 25. Qa5 Qf4 26. Kb1 Qxf2 27. Bxd5 cxd5 28. Qc3 d4 {Baklan,V (2578)
-Gyimesi,Z (2602)/Austria 2005 / 1/2-1/2}) 14... O-O 15. Kc2 c5 16. h4 d5 (
16... Bb7 17. h5 a5 18. h6 $11) 17. exd6 Qxd6 (17... cxd6 $2 18. Re1 Qd7 19.
Bxg7 Kxg7 20. h5 $18) 18. Bxg7 Qxd2+ 19. Nxd2 Kxg7 20. Ne4 Nd7 21. Rd1 Bb7 22.
Nc3 Nf6 23. f3 Rfe8 24. Bd3 a5 25. Rhe1 Bc6 26. Nb5 Rxe1 27. Rxe1 Re8 28. Rxe8
Nxe8 29. Kb2 Kh6 30. Be2 Ng7 31. Ka3 Nf5 (31... Ne6 32. Bd1 Bxb5 33. cxb5 $14)
32. Ka4 $16 Nxh4 (32... Nd4 33. Bd1 Bd7 34. Kxa5 Nc6+ 35. Ka4 $16) 33. Bf1 Nf5
34. Kxa5 Ne3 35. Nxc7 Nxf1 36. Kb6 Bd7 37. Nd5 Kg7 $4 (37... Nd2 $142 38. Kxc5
Kg5 $16) 38. a4 $18 Bc8 39. Ne7 (39. Ne7 Ba6 40. Kxa6 $18) 1-0

[Event "Russ. Meisterschaft Superfinal"]
[Site "Moskau"]
[Date "2010.12.18"]
[Round "7"]
[White "Kurnosov, Igor"]
[Black "Jakovenko, Dmitrij"]
[Result "1-0"]
[WhiteElo "2676"]
[BlackElo "2726"]
[PlyCount "71"]
[EventDate "2010.12.11"]

{C84: Spanische Partie (Mittelgambit)} 1. e4 e5 2. Nf3 Nc6 3. Bb5 Nf6 4. d3 d6
5. O-O Be7 6. c3 O-O 7. Re1 a6 8. Ba4 b5 9. Bc2 d5 10. Bg5 $146 (10. Nbd2 d4
11. cxd4 exd4 12. a3 Nd7 13. Nf1 Nde5 14. Nxe5 Nxe5 15. f4 Ng6 16. Ng3 c5 17.
Nf5 Bxf5 18. exf5 Nh4 19. Qg4 Qd7 20. Bd2 Bf6 21. Bb3 Nxf5 22. a4 g6 23. axb5
axb5 24. Qf3 Rxa1 {Efimenko,Z (2682)-Onischuk,A (2684)/Poikovsky 2009/CBM 131/
0-1 (35)}) (10. d4 Nxe4 (10... dxe4 $143 11. Nxe5 Qd5 12. Bb3 $18) 11. Nxe5
Nxe5 12. dxe5 f5 $11) 10... Bg4 (10... dxe4 11. dxe4 h6 12. Bxf6 Bxf6 13. Nbd2
$11) 11. Nbd2 $11 d4 12. h3 Be6 (12... h6 $142 $5 13. Bxf6 Bxf3 14. Nxf3 Bxf6
$11) 13. cxd4 $16 exd4 14. Bb3 Qd7 15. Rc1 h6 16. Bh4 Rac8 17. e5 Nd5 18. Rxc6
Qxc6 $2 (18... Bxh4 $142 19. Rxe6 Bxf2+ 20. Kxf2 fxe6 21. Bxd5 Qxd5 $18) 19.
Bxd5 $18 Qxd5 20. Bxe7 Rfe8 21. Bh4 Qxa2 22. Qc1 (22. Nxd4 $6 Qxb2 23. Nc6 Bd5
24. Ne7+ Rxe7 25. Bxe7 Re8 $16) 22... Bf5 $2 (22... Qa4 23. Qc5 Qa2 $18) 23.
Ne4 Bxe4 (23... c5 24. Nf6+ $1 Kh8 25. Nxe8 Rxe8 26. Qxc5 Qxb2 27. Qc6 $18) 24.
Rxe4 (24. dxe4 $6 c5 $14) 24... f5 (24... Re6 25. Nxd4 c5 26. Nxe6 Qxe6 27. Qe3
$18) 25. exf6 Rxe4 26. dxe4 d3 (26... c5 27. Nxd4 $1 Qc4 28. Qxc4+ bxc4 29. Nf5
$18) 27. fxg7 Qe6 28. Qe3 (28. e5 Qg6 29. Bf6 a5 $18) 28... c5 (28... Qg6 29.
e5 Qxg7 30. Qxd3 $18) 29. Qxd3 (29. e5 Kxg7 30. Bf6+ Kf8 31. Qxh6+ Ke8 $18)
29... c4 30. Qe3 b4 (30... Qg6 31. Qd4 Qxg7 32. Qd6 $18) 31. Nd4 Qb6 (31... Qg6
32. Qf4 c3 33. bxc3 bxc3 34. Nf5 $18) 32. e5 c3 (32... Qg6 33. g4 Kh7 34. Nf5
$18) 33. bxc3 (33. Bf6 Qc5 34. Qxh6 Qxe5 35. Bxe5 a5 36. Qe6+ Kh7 37. Nf3 cxb2
38. Ng5#) 33... b3 34. Nxb3 $1 Qxe3 (34... Qxb3 35. Qxh6) 35. fxe3 Kxg7 36. e6
1-0

[Event "2. London Chess Classic"]
[Site "London"]
[Date "2010.12.08"]
[Round "1"]
[White "McShane, Luke"]
[Black "Carlsen, Magnus"]
[Result "1-0"]
[WhiteElo "2645"]
[BlackElo "2802"]
[PlyCount "77"]
[EventDate "2010.12.06"]
[EventType "tourn"]
[EventRounds "7"]
[EventCountry "ENG"]
[EventCategory "19"]

{A37: Englische Eröffnung (Symmetrische Variante)} 1. c4 c5 2. g3 g6 3. Bg2 Bg7
4. Nc3 Nc6 5. Nf3 d6 6. O-O Nh6 7. d4 cxd4 8. Bxh6 Bxh6 9. Nxd4 Ne5 (9... Bd7
10. c5 Bg7 11. Nxc6 Bxc6 12. Bxc6+ bxc6 13. Qa4 $11) 10. Qb3 $16 O-O 11. Rfd1 (
11. Bxb7 $4 Rb8 12. Bxc8 Rxb3 13. axb3 Qb6 $19) 11... Nd7 12. Qa3 a5 13. b4 (
13. e3 Ra6 $14) 13... Ra6 (13... Nb6 $5 $11) 14. b5 $14 Ra8 15. e3 a4 16. Rab1
(16. Nxa4 $4 Nc5 $19) 16... Bg7 17. Ne4 (17. Nxa4 $2 Qa5 18. Rb4 Nc5 $19) 17...
Qb6 18. Nc6 Re8 19. Nb4 f5 (19... Qa5 20. Nd3 $14) 20. Nc3 (20. Nd5 Qd8 21. Ng5
Nc5 $16) 20... Qc5 (20... Qa5 21. Ncd5 e6 22. Nf4 $14) 21. Nxa4 $16 Qa7 22. Na6
bxa6 23. b6 Nxb6 24. Rxb6 Rb8 25. c5 Be6 26. Rdb1 dxc5 (26... Qc7 $142 $5 $16)
27. Rb7 $18 Rxb7 28. Rxb7 Qa8 29. Nxc5 Qc8 30. Qxa6 Bf7 31. Bc6 Rd8 32. Nd7
Rxd7 33. Bxd7 Qc1+ 34. Qf1 Qxf1+ 35. Kxf1 Bc4+ 36. Kg1 Bxa2 37. Ba4 e5 38. f3
Bh6 (38... Bd5 39. Bb3 Bxb3 40. Rxb3 $18) 39. Bb3+ (39. Bb3+ Bxb3 40. Rxb3 $18)
1-0

[Event "77. ch-BRA"]
[Site "Americana "]
[Date "2010.12.03"]
[Round "5"]
[White "Shumyatsky, Victor"]
[Black "Leitao, Rafael"]
[Result "1-0"]
[WhiteElo "2352"]
[BlackElo "2626"]
[PlyCount "73"]
[EventDate "2010.11.29"]
[EventType "tourn"]
[EventRounds "11"]
[EventCountry "BRA"]
[EventCategory "10"]

{D34: Damengambit (Tarrasch-Verteidigung, Hauptvariante)} 1. Nf3 Nf6 2. c4 e6
3. g3 d5 4. b3 Be7 5. Bg2 O-O 6. O-O c5 7. cxd5 exd5 8. d4 Ne4 9. Bb2 Bf6 10.
Nc3 Nc6 11. Nxe4 dxe4 12. Nd2 Bxd4 13. Bxd4 Nxd4 (13... cxd4 14. Nxe4 Qe7 15.
Rc1 $14) 14. Nxe4 (14. e3 Nf3+ 15. Nxf3 exf3 16. Qxd8 Rxd8 17. Bxf3 Rb8 $14)
14... Bg4 $14 15. f3 Bf5 16. e3 (16. Nxc5 Bc2 17. Qe1 Rc8 $11) 16... Bxe4 17.
exd4 Bg6 (17... Bf5 18. dxc5 Qa5 19. Qd5 $14) 18. f4 $16 Qd7 (18... Qxd4+ $5
19. Qxd4 cxd4 $16) 19. dxc5 Bd3 20. Re1 (20. Qd2 Qb5 21. Rf2 Bf5 $18) 20...
Qd4+ $16 21. Kh1 Rad8 22. Rc1 Qb2 23. Qf3 (23. Bxb7 $6 Bf5 24. Qh5 g6 $11)
23... Ba6 24. Qc3 Rd2 25. Qxb2 Rxb2 26. Rb1 Rxa2 27. b4 Bd3 (27... b6 28. Ra1
Rxa1 29. Rxa1 $18) 28. Rbd1 Ba6 29. Ra1 Rxa1 $2 (29... Rb2 30. Reb1 Rxb1+ 31.
Rxb1 b6 $18) 30. Rxa1 Rd8 31. h4 (31. Kg1 Bb5 32. Rxa7 Kf8 33. Rxb7 Ba6 $18)
31... Kf8 (31... Bc4 $18) 32. c6 Bb5 (32... Rb8 33. Bh3 bxc6 34. Rxa6 Rxb4 35.
Rxa7 h6 $18) 33. cxb7 a6 (33... Ke7 34. Rxa7 Rb8 35. Ra8 Rxb7 36. Bxb7 $18) 34.
Rc1 Bd7 35. Rc7 (35. b5 $142 a5 36. Ra1 Ke7 37. Rxa5 Rb8 $18) 35... Ke8 36. Kh2
Rb8 (36... g6 $18) 37. Bc6 (37. Bc6 Bxc6 38. Rc8+ (38. Rxc6 $6 Rxb7 39. Rxa6
Rxb4 $11) 38... Kd7 39. Rxb8 $18) 1-0

[Event "16. Asian Games Team Men"]
[Site "Guangzhou CHN"]
[Date "2010.11.20"]
[Round "3"]
[White "Wang Yue"]
[Black "Le Quang Liem"]
[Result "1-0"]
[WhiteElo "2756"]
[BlackElo "2689"]
[PlyCount "73"]
[EventDate "2010.11.18"]
[EventType "team"]
[EventRounds "7"]
[EventCountry "CHN"]
[WhiteTeam "CHN"]
[BlackTeam "VIE"]

{D79: Grünfeld-Verteidigung (3.g3)} 1. Nf3 Nf6 2. c4 g6 3. Nc3 Bg7 4. g3 O-O 5.
Bg2 c6 6. d4 d5 7. cxd5 cxd5 8. Ne5 e6 9. O-O Nfd7 10. f4 Nc6 11. Kh1 Nb6 12.
b3 Bd7 13. a4 a5 (13... f6 14. Nxd7 Qxd7 15. a5 $14) 14. Ba3 $16 Re8 15. e4 (
15. Bc5 Nb4 $16) 15... Nb4 $14 16. Qd2 Bc6 17. f5 (17. Rac1 Rc8 $14) 17... dxe4
$11 18. fxg6 f5 (18... hxg6 $142 $5 19. Nxf7 e3 20. Nxd8 exd2 21. Nxc6 Nxc6 $11
) 19. gxh7+ $16 Kxh7 20. Qe2 (20. Nxc6 $142 $5 e3 21. Nxd8 (21. Bxb4 $6 exd2
22. Nxd8 axb4 $11) 21... exd2 22. Rad1 Raxd8 23. Rxd2 Bxd4 24. Bxb4 axb4 25.
Nb5 $18) 20... Kg8 $14 (20... Qxd4 $4 21. Qh5+ Kg8 22. Qf7+ Kh7 23. Rf4 $18)
21. Qh5 Rf8 (21... Qxd4 $4 22. Qf7+ Kh7 23. Rf4 $18) 22. Nxc6 bxc6 23. Nxe4
fxe4 24. Bxe4 Rf6 25. Qh7+ (25. Rae1 Qxd4 26. Rxf6 Bxf6 (26... Qxf6 $4 27. Bh7+
Kf8 28. Qc5+ Kf7 29. Qxb6 $18) 27. Qh7+ Kf8 $14) 25... Kf8 $14 26. Bxc6 Rc8 27.
Bg2 (27. Bxb4+ axb4 28. Qe4 Nd5 29. Qxe6 Ne3 (29... Rxc6 $4 30. Qxc6 Ne3 31.
Rxf6+ Bxf6 32. Re1 Bxd4 33. Rxe3 Bxe3 34. Qf3+ Kg7 35. Qxe3 $18) 30. Qxe3 Rcxc6
$11) 27... Qxd4 $11 28. Rxf6+ Bxf6 (28... Qxf6 $4 29. Rf1 N6d5 30. Qe4 $18) 29.
Rf1 N6d5 $4 (29... Rc5 $142 $11) 30. Qh8+ $18 Kf7 31. Qxc8 Ne3 32. Qb7+ Kg8 33.
Bxb4 (33. Qa8+ $5 Kg7 34. Bb2 Qxb2 35. Qa7+ Kg8 36. Qxe3 Qe5 37. Qxe5 Bxe5 $18)
33... Nxf1 34. Qa8+ Bd8 (34... Qd8 35. Qxa5 Qd1 36. Qa8+ Bd8 $18) 35. Be7 Nxg3+
(35... Kf7 36. Qxd8 Qxd8 37. Bxd8 Nd2 38. Bxa5 Nxb3 $18) 36. hxg3 Qd1+ 37. Kh2
(37. Kh2 Qh5+ 38. Bh4 $18) 1-0

[Event "Tal Memorial"]
[Site "Moscow RUS"]
[Date "2010.11.13"]
[Round "8"]
[White "Karjakin, Sergey"]
[Black "Kramnik, Vladimir"]
[Result "1-0"]
[WhiteElo "2760"]
[BlackElo "2791"]
[PlyCount "63"]
[EventDate "2010.11.05"]
[EventType "tourn"]
[EventRounds "9"]
[EventCountry "RUS"]
[EventCategory "21"]

{C42: Russische Verteidigung (Petrow)} 1. e4 e5 2. Nf3 Nf6 3. Nxe5 d6 4. Nf3
Nxe4 5. Nc3 Nxc3 6. dxc3 Be7 7. Be3 O-O 8. Qd2 Nd7 9. O-O-O Ne5 (9... Re8 10.
h4 c6 11. h5 h6 12. Kb1 Nf6 13. Bd3 Bf8 14. Rdg1 Ng4 15. Bf4 Qf6 16. Nh2 Nxh2
17. Rxh2 Bf5 18. Bxf5 Qxf5 19. g4 Qe4 20. g5 hxg5 21. Bxg5 Qe2 22. Qxe2 Rxe2
23. Be3 Rxe3 24. fxe3 {Topalov,V (2805)-Gelfand,B (2761)/Linares 2010/1-0}) 10.
h4 c6 11. c4 $146 (11. Kb1 Bg4 12. Be2 Nxf3 13. gxf3 Bh5 14. f4 Bxe2 15. Qxe2
Bf6 16. Rhg1 Re8 17. f5 Kh8 18. h5 h6 19. Qd2 Kh7 20. Qxd6 Qxd6 21. Rxd6 Rad8
22. Rxd8 Rxd8 23. Bxa7 Rd5 24. Be3 Rxf5 25. Rh1 Bg5 {Karjakin,S (2760)-Gelfand,
B (2741)/Moskau  2010/1-0}) 11... Be6 12. Ng5 Bf5 (12... Bxc4 $2 13. Bxc4 h6
14. Be2 $18) 13. Kb1 Re8 14. f3 h6 15. Be2 d5 (15... hxg5 16. hxg5 Qd7 $15) 16.
g4 $11 Bg6 (16... Bd7 17. cxd5 hxg5 18. hxg5 $16) 17. f4 dxc4 (17... Nxc4 $142
18. Bxc4 dxc4 $16 (18... hxg5 $2 19. hxg5 dxc4 20. Qg2 Qxd1+ 21. Rxd1 $18)) 18.
Qc3 $16 (18. fxe5 $6 Qxd2 (18... hxg5 $4 19. Qe1 Bb4 20. Qxb4 $18) 19. Rxd2
hxg5 20. Bxc4 gxh4 $11) 18... Nd3 19. f5 Bxg5 20. fxg6 (20. hxg5 Rxe3 21. fxg6
Qxg5 (21... Rxe2 $2 22. gxh6 (22. Qxc4 $6 Qd5 23. Qxd5 cxd5 24. gxf7+ Kxf7 25.
Rxd3 Rae8 $11) 22... gxh6 23. gxf7+ (23. cxd3 $6 Qg5 (23... fxg6 $4 24. Rxh6
Kf7 25. Rf1+ Ke6 26. dxc4 $18) 24. gxf7+ Kxf7 $16) (23. Rxh6 $6 Ne5 24. gxf7+
Kg7 25. Rxd8 Rxd8 $18) 23... Kh7 24. cxd3 $18) 22. Qxc4 Ne5 23. gxf7+ Nxf7 $11)
20... Rxe3 21. gxf7+ (21. Qxc4 $5 Qe7 22. Bxd3 (22. Rxd3 $6 Rxe2 23. hxg5 Rf8
$14) (22. hxg5 Ne5 23. gxf7+ Qxf7 24. Qxf7+ Kxf7 $11 (24... Nxf7 $143 25. Bc4
b5 26. Bxf7+ Kxf7 27. gxh6 $16)) 22... Bxh4 23. Bf5 $18) 21... Kf8 $14 (21...
Kxf7 $4 22. Qxc4+ Qd5 23. Bxd3 Rxd3 24. Qxd3 (24. cxd3 $6 Bf6 $18) 24... Qxd3
25. Rxd3 $18 (25. cxd3 $6 Bf6 $18)) 22. Qxc4 (22. cxd3 $143 Bxh4 (22... Rxe2 $6
23. hxg5 Qxg5 24. Rh5 Qxg4 25. Qb4+ c5 26. Qxc5+ Kxf7 27. Qd5+ Kg6 28. Rhh1 $11
) 23. Bf1 Qe7 $17 (23... Kxf7 24. Qxc4+ Kg6 25. Bg2 $16)) (22. Bxd3 $6 cxd3 23.
hxg5 Qxg5 24. Rxd3 Rxd3 25. Qxd3 Rd8 (25... Qxg4 $2 26. Rf1 Qe6 27. Qh7 $18)
26. Qa3+ Kxf7 27. Qxa7 Rd7 $11) 22... Rxe2 (22... Bxh4 $5 23. Bxd3 Bf6 $11) 23.
hxg5 $16 Qxg5 $4 (23... b5 24. Qc3 b4 $16 (24... Qxg5 25. Qxd3 (25. Rxd3 $6 Qf6
$14) 25... Re3 26. Qh7 $18)) 24. Qxd3 $18 (24. cxd3 $143 Rd8 $17) (24. Rxd3 $6
Qe7 $11) 24... Qe3 (24... Re5 25. Rhf1 Rd5 26. Qh7 Rxd1+ 27. Rxd1 Kxf7 28. Rd7+
Kf6 29. Qe4 $18) 25. Qh7 Qe4 26. Qg8+ Ke7 27. Qxg7 Qxc2+ 28. Ka1 Rf8 29. Rhf1
Rd2 30. Rfe1+ Re2 31. Qc3 Kxf7 32. Qf3+ (32. Qf3+ Kg6 33. Qxe2 Qxe2 34. Rxe2
$18) 1-0

[Event "Tal Memorial"]
[Site "Moscow"]
[Date "2010.11.05"]
[Round "1.5"]
[White "Aronian, Levon"]
[Black "Kramnik, Vladimir"]
[Result "1-0"]
[WhiteElo "2801"]
[BlackElo "2791"]
[PlyCount "81"]
[EventDate "2010.??.??"]
[EventType "game"]
[EventCountry "RUS"]

{D38: Damengambit (Ragosin-Verteidigung)} 1. d4 Nf6 2. c4 e6 3. Nc3 Bb4 4. Nf3
d5 5. cxd5 exd5 6. Bg5 h6 7. Bh4 c5 8. dxc5 Nbd7 9. Rc1 Qa5 10. a3 Bxc3+ 11.
Rxc3 Ne4 12. b4 Nxc3 13. Qa1 Qa4 $146 (13... Qa6 14. Qxc3 Qg6 15. e3 Qb1+ 16.
Kd2 O-O 17. Rg1 a5 18. Bc4 axb4 19. axb4 Qe4 20. Bd3 Qe6 21. Nd4 Qe5 22. Bg3
Qf6 23. Nb5 Ra2+ 24. Kc1 Ra1+ 25. Bb1 Qa6 26. Nc7 Qa2 27. Qc2 Qxc2+ 28. Kxc2 {
Delchev,A (2623)-Palac,M (2561)/Khanty-Mansiysk RUS 2010/1/2-1/2}) 14. Qxc3 O-O
15. e3 a5 16. b5 Nxc5 17. Qxc5 Bf5 18. Qd4 (18. Be2 $5 Rfc8 19. Qd4 (19. Qxd5
$143 Rc1+ 20. Bd1 Bc2 $19) 19... Rc1+ 20. Bd1 Qxa3 21. O-O $17 (21. Qxd5 Bd3
22. Qxf7+ Kxf7 23. e4 Qc3+ 24. Nd2 Rxd1+ 25. Kxd1 Qc2+ 26. Ke1 Qc1#)) 18...
Qxa3 $15 19. Be2 (19. Qxd5 $2 Bg4 20. Qd4 Bxf3 21. gxf3 Qc1+ 22. Qd1 Qb2 $19)
19... Qb4+ 20. Qxb4 axb4 21. Nd4 $2 (21. O-O $142 Rfc8 22. Nd4 $15) 21... Ra1+
$19 22. Bd1 Bh7 (22... Rfa8 $142 23. O-O Rb1 $19) 23. Nb3 $15 Rb1 24. Nd2 Rb2
25. Bg3 Rc8 26. Be5 Ra2 27. Nb3 Bc2 28. Bxc2 Rcxc2 29. O-O f6 30. Bd4 Ra3 31.
Na1 Rd2 32. h3 Rad3 33. Kh2 Ra3 34. b6 h5 35. Rb1 Rxf2 36. Nb3 Raa2 37. Rg1 Kh7
38. Nc5 Rfd2 $4 (38... Rad2 $142 $14) 39. Nxb7 $18 b3 (39... Ra8 40. Nc5 Rb8
$18) 40. Nc5 b2 (40... Ra8 41. Nd7 f5 42. Rb1 $18) 41. Rb1 (41. Rb1 Ra1 42.
Rxb2 Rxb2 43. Bxb2 $18) 1-0

[Event "Unive Crown Group"]
[Site "Hoogeveen NED"]
[Date "2010.10.28"]
[Round "4"]
[White "Shirov, Alexander"]
[Black "Vachier Lagrave, M."]
[Result "0-1"]
[WhiteElo "2749"]
[BlackElo "2721"]
[PlyCount "58"]
[EventDate "2010.10.25"]
[EventType "tourn"]
[EventRounds "6"]
[EventCountry "NED"]
[EventCategory "18"]

{D87: Grünfeld-Verteidigung (Hauptfortsetzung, Botwinnik-Variante)} 1. d4 Nf6
2. c4 g6 3. Nc3 d5 4. cxd5 Nxd5 5. e4 Nxc3 6. bxc3 Bg7 7. Bc4 c5 8. Ne2 Nc6 9.
Be3 O-O 10. O-O Bd7 11. h4 $146 (11. Bd3 cxd4 12. cxd4 Nb4 13. Bc4 b5 14. Bb3
Nc6 15. Rc1 Na5 16. Bd5 Rc8 17. Rxc8 Bxc8 18. a3 e6 19. Ba2 Bb7 20. f3 Qd6 21.
Qc1 Rc8 22. Qb2 Ba6 23. e5 Qe7 24. Rc1 Rxc1+ 25. Qxc1 b4 {Kobalia,M (2639)
-Ftacnik,L (2573)/Dresden 2007/CBM 118/0-1 (47)}) (11. Qd2 Qa5 12. Qb2 Rab8 13.
Bb3 Qa6 14. Rfd1 Na5 15. dxc5 Bc6 16. Ng3 Nc4 17. Qc1 Nxe3 18. Qxe3 Qa5 19. e5
Rfc8 20. f4 e6 21. Rd6 Bf8 22. f5 gxf5 23. Re1 Kh8 24. Nh5 Be7 25. Nf6 Rg8 {
Williams,S (2466)-Macieja,B (2613)/Warsaw 2005/CBM 108/0-1 (34)}) 11... Na5 12.
Bd3 e5 13. Bg5 Qc7 14. dxe5 (14. d5 Qd6 $14) 14... Rfe8 (14... Bxe5 15. Qd2 Bc6
16. f4 $11) 15. f4 Bg4 16. Qe1 h6 17. Bf6 Bxf6 18. exf6 Rad8 19. Qg3 $4 (19.
Bc2 $142 $14) 19... c4 $17 20. Qxg4 (20. Bxc4 $5 Nxc4 21. Qxg4 Rxe4 22. Ng3
Qb6+ 23. Kh1 $19) 20... cxd3 $19 21. Ng3 Nc4 22. e5 Ne3 23. Qf3 Nxf1 24. Rxf1
d2 (24... Qxc3 $5 25. Nf5 Kh7 (25... gxf5 $4 26. Qg3+ Kh7 27. Qg7#) 26. Qxb7
Rf8 $19 (26... gxf5 27. Qxf7+ Kh8 28. Qg7#)) 25. Rd1 $17 Qc4 26. Nf5 $2 (26.
Ne4 $142 $17) 26... Rd3 $19 (26... gxf5 $4 27. Qg3+ Kh7 28. Qg7#) 27. Ne7+ Kh7
28. Qxb7 $2 (28. Qe2 Red8 29. Rxd2 Qxc3 30. Rxd3 Rxd3 31. Kh2 $19) 28... Red8
29. Qxa7 (29. f5 gxf5 30. Qb4 Rxc3 31. Qxc4 Rxc4 32. Kf2 Rxh4 33. Nc6 $19)
29... Rxc3 (29... Rxc3 30. Nd5 Qxd5 (30... Rxd5 $4 31. Qxf7+ Kh8 32. Qg7#) 31.
Rxd2 Qc4 $19 (31... Qxd2 $4 32. Qxf7+ Kh8 33. Qg7#)) 0-1

[Event "3. Pearl Spring "]
[Site "Chiva Nanjing"]
[Date "2010.10.24"]
[Round "5.2"]
[White "Carlsen, Magnus"]
[Black "Topalov, Veselin"]
[Result "1-0"]
[WhiteElo "2802"]
[BlackElo "2786"]
[PlyCount "63"]
[EventDate "2010.??.??"]
[EventCountry "ESP"]

{C84: Spanische Partie (Mittelgambit)} 1. e4 e5 2. Nf3 Nc6 3. Bb5 a6 4. Ba4 Nf6
5. O-O Be7 6. d3 b5 7. Bb3 d6 8. a4 Rb8 9. axb5 axb5 10. Nbd2 $146 (10. Nc3 O-O
11. h3 Nb4 12. Ne2 c5 13. Ng3 Be6 14. Bxe6 fxe6 15. c3 Nc6 16. Re1 Qd7 17. d4
exd4 18. cxd4 c4 19. Bg5 h6 20. d5 exd5 21. Bxf6 Bxf6 22. Qxd5+ Rf7 23. Qd2 Ne5
24. Nxe5 Bxe5 {Carlsen,M (2693)-Aronian,L (2759)/Elista 2007/0-1}) (10. Nc3 O-O
$14) 10... O-O 11. Re1 Bd7 12. c3 Ra8 13. Rxa8 Qxa8 14. d4 h6 15. Nf1 Re8 16.
Ng3 Qc8 17. Nh4 Bf8 18. Ng6 Na5 19. Nxf8 Rxf8 20. Bc2 Re8 21. f4 Bg4 22. Qd3
exf4 (22... Qb7 $5 23. h3 Bc8 $16) 23. Bxf4 $18 Nc4 24. Bc1 (24. Ra1 Qd7 25. b3
Nb6 $18) 24... c5 25. Rf1 cxd4 26. cxd4 Qd8 (26... Qa6 $142 $5 $16) 27. h3 Be6
28. b3 Qa5 (28... Nb6 29. Qxb5 d5 30. e5 $18) 29. Kh2 (29. bxc4 $6 Bxc4 30. Qd2
Qxd2 31. Bxd2 Bxf1 32. Kxf1 h5 $18) 29... Nh7 (29... Rc8 30. e5 Nxe5 31. dxe5
Qc3 32. exf6 Qxc2 33. Qxd6 g5 $18) 30. e5 (30. bxc4 $6 Bxc4 31. Qf3 Bxf1 32.
Qxf1 Qc3 $18) 30... g6 31. d5 (31. bxc4 Bxc4 32. Qe3 Ng5 $18) 31... Nxe5 32.
dxe6 (32. dxe6 Rxe6 33. Qd1 $18) 1-0

[Event "3. Pearl Spring"]
[Site "Nanjing CHN"]
[Date "2010.10.20"]
[Round "1"]
[White "Carlsen, Magnus"]
[Black "Bacrot, Etienne"]
[Result "1-0"]
[WhiteElo "2826"]
[BlackElo "2716"]
[PlyCount "75"]
[EventDate "2010.10.20"]
[EventRounds "10"]
[EventCountry "CHN"]
[EventCategory "21"]

{C45: Schottische Partie} 1. e4 e5 2. Nf3 Nc6 3. d4 exd4 4. Nxd4 Bc5 5. Nb3 Bb6
6. Nc3 Nf6 7. Qe2 O-O $146 (7... d6 8. Be3 (8. Bg5 h6 9. Bh4 g5 10. Bg3 Qe7 11.
h4 Rg8 12. hxg5 hxg5 13. O-O-O Be6 14. Rh6 O-O-O 15. Nd5 Bxd5 16. exd5 Ne5 17.
Bxe5 dxe5 18. Qf3 Rd6 19. Nd2 Ne8 20. Rh5 Nf6 21. Qf5+ Kb8 22. Rh6 Ne8 {
Rublevsky,S (2680)-Grischuk,A (2717)/Elista 2007/0-1}) 8... Qe7 9. O-O-O Be6
10. f3 O-O-O (10... O-O 11. g4 Bxb3 12. axb3 Nb4 13. g5 Nd7 14. Bh3 Rfd8 15.
Rhe1 c6 16. f4 Bxe3+ 17. Qxe3 Nc5 18. Rd4 a5 19. Qd2 Ne6 20. Bxe6 fxe6 21. Rd1
d5 22. exd5 exd5 23. f5 Re8 24. Qg2 Qe3+ 25. Kb1 {Manca,F (2405)-Grischuk,A 
(2715)/Kemer 2007/0-1}) 11. Bxb6 axb6 12. Nd4 Kb8 13. Qe3 Rhe8 14. Bb5 Bd7 15.
Rhe1 d5 16. Bxc6 bxc6 17. Qd2 dxe4 18. Nxe4 c5 19. Nxf6 Qxf6 20. Rxe8 Rxe8 21.
Ne2 Bc6 22. Nf4 {Thorhallsson,T (2448)-Fressinet,L (2654)/Kemer 2007/0-1}) 8.
Bg5 h6 9. Bh4 a5 10. a4 Nd4 11. Qd3 Nxb3 12. cxb3 Re8 13. O-O-O d6 14. Qc2 Bd7
(14... c6 $5 $11) 15. Bc4 $14 Be6 16. Rhe1 Qe7 17. e5 dxe5 18. Rxe5 Qf8 19.
Bxf6 gxf6 20. Re2 Qg7 21. Bxe6 Rxe6 22. Rxe6 fxe6 23. Rd3 Kh8 24. Rg3 Qh7 25.
Qd2 Bc5 26. Ne4 Be7 27. Rh3 Kg7 $4 (27... Rd8 $142 28. Rxh6 Rxd2 29. Rxh7+ Kxh7
30. Kxd2 f5 $16) 28. Qd7 $18 Kf7 (28... Kh8 29. Qxe6 Rf8 $18) 29. Ng5+ fxg5 30.
Rf3+ Kg8 31. Qxe6+ Kh8 32. Rf7 Bd6 33. Rxh7+ Kxh7 34. Qf7+ Kh8 35. g3 Ra6 36.
Kb1 Bb4 (36... Ra8 37. Qg6 Bf8 38. f4 gxf4 39. gxf4 $18) 37. f4 gxf4 38. gxf4 (
38. gxf4 Rd6 39. f5 Rd1+ 40. Ka2 $18) 1-0